How to suspend hackers' hostilities (Record no. 66691)

MARC details
000 -LEADER
fixed length control field 01323cam a2200253 4500
001 - CONTROL NUMBER
control field ABS63716
008 - FIXED-LENGTH DATA ELEMENTS--GENERAL INFORMATION
fixed length control field 000000n2001 000 0 eng u
035 ## - SYSTEM CONTROL NUMBER
System control number (Sirsi) u111905
100 ## - MAIN ENTRY--PERSONAL NAME
Personal name Osborne, H.
245 ## - TITLE STATEMENT
Title How to suspend hackers' hostilities
260 ## - PUBLICATION, DISTRIBUTION, ETC.
Date of publication, distribution, etc. 2001
490 ## - SERIES STATEMENT
Series statement Estates Gazette
Volume/sequential designation (0113) 31 March 2001, 136-137(2)
520 ## - SUMMARY, ETC.
Summary, etc. Takes a look at, and offers advice on, various IT security hazards faced by companies. For instance, notes the worrying costs in terms of labour and productivity of personal use of the internet and e-mail by employees. Suggests that naming and shaming abusers may not be the best response. Recommends, instead, that businesses allow staff to utilise these services at specific times (e.g. lunchtime or after work). Notes that the cost to companies of computer hackers is far greater. Hacking might involve infiltration of company data or domain name fraud. Recommends companies avoid putting data that might be useful to someone outside the company in an easily distributable format (e.g. disk or e-mail).
590 ## - LOCAL NOTE (RLIN)
Local note ABS
650 ## - SUBJECT ADDED ENTRY--TOPICAL TERM
Topical term or geographic name entry element E-MAIL
650 ## - SUBJECT ADDED ENTRY--TOPICAL TERM
Topical term or geographic name entry element INTERNET
650 ## - SUBJECT ADDED ENTRY--TOPICAL TERM
Topical term or geographic name entry element COSTS
650 ## - SUBJECT ADDED ENTRY--TOPICAL TERM
Topical term or geographic name entry element HACKING
650 ## - SUBJECT ADDED ENTRY--TOPICAL TERM
Topical term or geographic name entry element DOMAIN NAME
650 ## - SUBJECT ADDED ENTRY--TOPICAL TERM
Topical term or geographic name entry element EMPLOYEES
650 ## - SUBJECT ADDED ENTRY--TOPICAL TERM
Topical term or geographic name entry element SECURITY SYSTEMS
690 ## - LOCAL SUBJECT ADDED ENTRY--TOPICAL TERM (OCLC, RLIN)
Topical term or geographic name as entry element INFORMATION TECHNOLOGY-INTERNET
942 ## - ADDED ENTRY ELEMENTS (KOHA)
Suppress in OPAC 0
Holdings
Withdrawn status Lost status Source of classification or shelving scheme Damaged status Not for loan Home library Current library Shelving location Date acquired Total Checkouts Full call number Barcode Date last seen Copy number Price effective from Koha item type
    Dewey Decimal Classification     London London Journal article 05/04/2001   ABS63716 111905-1001 06/08/2019 1 06/08/2019 Journal article